Electrical Technology (Record no. 320701)
[ view plain ]
| 000 -LEADER | |
|---|---|
| fixed length control field | 00429nam a2200169Ia 4500 |
| 008 - FIXED-LENGTH DATA ELEMENTS--GENERAL INFORMATION | |
| fixed length control field | 230718s9999 xx 000 0 und d |
| 041 ## - LANGUAGE CODE | |
| Language code of text/sound track or separate title | eng |
| 082 ## - DEWEY DECIMAL CLASSIFICATION NUMBER | |
| Classification number | 621.37 |
| Item number | BAK |
| 100 ## - MAIN ENTRY--PERSONAL NAME | |
| Personal name | Bakshi U.A. |
| 245 ## - TITLE STATEMENT | |
| Title | Electrical Technology |
| 250 ## - EDITION STATEMENT | |
| Edition statement | 4th ed. |
| 260 ## - PUBLICATION, DISTRIBUTION, ETC. (IMPRINT) | |
| Date of publication, distribution, etc. | 2009 |
| Name of publisher, distributor, etc. | Technical Publications |
| 300 ## - PHYSICAL DESCRIPTION | |
| Extent | 659 |
| 365 ## - TRADE PRICE | |
| Currency code | Rs. |
| Price amount | 340.00 |
| 700 ## - ADDED ENTRY--PERSONAL NAME | |
| Personal name | Bakshi U.A. & Bakshi V.U. |
| 906 ## - LOCAL DATA ELEMENT F, LDF (RLIN) | |
| d | B:203111-Dec-2008 |
| c | SS |
| b | 289 |
| Withdrawn status | Lost status | Damaged status | Not for loan | Home library | Current library | Date acquired | Vendor | Budget Code | Cost, normal purchase price | Bill number | Full call number | Barcode | Date last seen | Discount | Cost, replacement price | Bill Date | Koha item type | Original Barcode |
|---|---|---|---|---|---|---|---|---|---|---|---|---|---|---|---|---|---|---|
| Withdrawn | Cummins College of Engineering for Women Pune | Cummins College of Engineering for Women Pune | 03/03/2009 | Om Book Stall | SS | 282.20 | 2031 | 621.37 | CCEP-BK-31908 | 18/07/2023 | 289 | 340.00 | 11/12/2008 | Books | 031908 |